Homeostasis: Origins of the concept (Record no. 29708)

MARC details
000 -LEADER
fixed length control field 00275nam a2200109Ia 4500
082 ## - DEWEY DECIMAL CLASSIFICATION NUMBER
Classification number 612
Item number LAN
245 #0 - TITLE STATEMENT
Title Homeostasis: Origins of the concept
260 ## - PUBLICATION, DISTRIBUTION, ETC. (IMPRINT)
Place of publication Stroudsburg
Name of publisher Dowden
Year of publication 1973
700 ## - ADDED ENTRY--PERSONAL NAME
Personal name Langley, L L
942 ## - ADDED ENTRY ELEMENTS (KOHA)
Koha item type Books
Holdings
Withdrawn status Lost status Damaged status Not for loan Home library Current library Date acquired Cost, normal purchase price Full call number Accession Number Koha item type
        RRII Library RRII Library 16/12/2021 25.00 612 LAN 10290 Books